Организация, нормирование и оплата труда на предприятиях отрасли (Запись № 9799683)
[ простой вид ]
| 000 -МАРКЕР | |
|---|---|
| контрольное поле | 02517nam0a2200373 i 4500 |
| 001 - ИДЕНТИФИКАТОР ЗАПИСИ | |
| контрольное поле | RU\NLR\BIBL_A\010001829 |
| 005 - ИДЕНТИФИКАТОР ВЕРСИИ | |
| контрольное поле | 20241102211653.0 |
| 010 ## - МЕЖДУНАРОДНЫЙ СТАНДАРТНЫЙ НОМЕР КНИГИ (ISBN) | |
| Номер (ISBN) | 9785923905106 |
| Тираж | 40 |
| 021 ## - НОМЕР ГОСУДАРСТВЕННОЙ РЕГИСТРАЦИИ | |
| Код страны | Российская Федерация |
| Номер | 2013-74901 |
| Номер Листа государственной регистраци | 5146 |
| 035 ## - ДРУГИЕ СИСТЕМНЫЕ НОМЕРА | |
| Идентификатор записи | (NLR Aleph) 010001829 |
| 100 ## - ДАННЫЕ ОБЩЕЙ ОБРАБОТКИ | |
| Данные общей обработки | 20131106d2013 u y0rusy50 ca |
| 101 0# - ЯЗЫК РЕСУРСА | |
| Язык текста, звукозаписи и т.д. | русский |
| 102 ## - СТРАНА ПУБЛИКАЦИИ ИЛИ ПРОИЗВОДСТВА | |
| Страна публикации | Российская Федерация |
| 105 ## - ПОЛЕ КОДИРОВАННЫХ ДАННЫХ: ТЕКСТОВЫЕ МАТЕРИАЛЫ, МОНОГРАФИЧЕСКИЕ | |
| Кодированные данные о монографическом текстовом документе | y|||z||||||y| |
| 200 1# - ЗАГЛАВИЕ И СВЕДЕНИЯ ОБ ОТВЕТСТВЕННОСТИ | |
| Основное заглавие | Организация, нормирование и оплата труда на предприятиях отрасли |
| Сведения, относящиеся к заглавию | учебное пособие |
| -- | для студентов специальности 080502.65 "Экономика и управление на предприятии (по отраслям)" всех форм обучения |
| Первые сведения об ответственности | М. В. Никитин |
| Последующие сведения об ответственности | М-во образования и науки Российской Федерации, Сыктывкарский лесной ин-т (фил.) Федерального гос. бюджетного образовательного учреждения высш. проф. образования "Санкт-Петербургский гос. лесотехнический ун-т им. С. М. Кирова", Каф. экономики отраслевых производств |
| 210 ## - ПУБЛИКАЦИЯ, РАСПРОСТРАНЕНИЕ И ДР. | |
| Место издания, распространения и т.д. | Сыктывкар |
| Имя издателя, распространителя и т. д. | СЛИ |
| Дата издания, распространения и т.д. | 2013 |
| 215 ## - ФИЗИЧЕСКАЯ ХАРАКТЕРИСТИКА | |
| Специфическое обозначение материала и объем | 47 с. |
| Размеры | 21 |
| 320 ## - ПРИМЕЧАНИЯ О НАЛИЧИИ В ДОКУМЕНТЕ БИБЛИОГРАФИИ / УКАЗАТЕЛЯ | |
| Текст примечания | Библиогр.: с. 47 |
| 606 ## - НАИМЕНОВАНИЕ ТЕМЫ КАК ПРЕДМЕТ | |
| Наименование темы | Промышленные предприятия |
| Формальный подзаголовок | Учебные издания для высших учебных заведений |
| Тематический подзаголовок | Организация труда |
| Системный номер авторитетной/нормативной записи | 1706475 |
| Идентификатор авторитетной/нормативной записи | RU\NLR\AUTH\66760102 |
| 606 1# - НАИМЕНОВАНИЕ ТЕМЫ КАК ПРЕДМЕТ | |
| Наименование темы | Промышленные предприятия |
| Формальный подзаголовок | Учебные издания для высших учебных заведений |
| Тематический подзаголовок | Нормирование труда |
| Системный номер авторитетной/нормативной записи | 2356006 |
| Идентификатор авторитетной/нормативной записи | RU\NLR\AUTH\661407249 |
| 606 ## - НАИМЕНОВАНИЕ ТЕМЫ КАК ПРЕДМЕТ | |
| Наименование темы | Промышленные предприятия |
| Формальный подзаголовок | Учебные издания для высших учебных заведений |
| Тематический подзаголовок | Заработная плата |
| Системный номер авторитетной/нормативной записи | 1088694 |
| Идентификатор авторитетной/нормативной записи | RU\NLR\AUTH\66426665 |
| 675 ## - УНИВЕРСАЛЬНАЯ ДЕСЯТИЧНАЯ КЛАССИФИКАЦИЯ (UDC/УДК) | |
| Индекс | 658.3(075.8) |
| 686 1# - ИНДЕКСЫ ДРУГИХ КЛАССИФИКАЦИЙ | |
| Индекс | У30(2)-642.1я73 |
| 686 1# - ИНДЕКСЫ ДРУГИХ КЛАССИФИКАЦИЙ | |
| Индекс | У30(2)-642.2я73 |
| 686 1# - ИНДЕКСЫ ДРУГИХ КЛАССИФИКАЦИЙ | |
| Индекс | У30(2)-645я73 |
| 700 #1 - ИМЯ ЛИЦА - ПЕРВИЧНАЯ ОТВЕТСТВЕННОСТЬ | |
| Начальный элемент ввода | Никитин |
| Часть имени, кроме начального элемента ввода | М. В. |
| Дополнения к именам, кроме дат | канд. экон. наук, менеджмент |
| Расширение инициалов личного имени | Мирослав Владимирович |
| Системный номер авторитетной/нормативной записи | 134895 |
| Идентификатор авторитетной/нормативной записи | RU\NLR\AUTH\770134929 |
| 801 #0 - ИСТОЧНИК ЗАПИСИ | |
| Страна | Российская Федерация |
| Организация | RuMoRKP |
| Дата составления | 20130919 |
| Правила каталогизации | RCR |
| 801 #2 - ИСТОЧНИК ЗАПИСИ | |
| Страна | Российская Федерация |
| Организация | РГБ |
| Дата составления | 20131002 |
| Правила каталогизации | rcr |
| 801 #1 - ИСТОЧНИК ЗАПИСИ | |
| Страна | Российская Федерация |
| Организация | RuMoRKP |
| Дата составления | 20130919 |
| Источник данных | rusmarc |
| 942 ## - ДОПОЛНИТЕЛЬНЫЕ ЭЛЕМЕНТЫ ЗАПИСИ (АБИС) | |
| Тип экземпляра АБИС | Книга |
| 980 ## - КОЛЛЕКЦИЯ | |
| Название коллекции | НБР |
Нет доступных экземпляров.